|
|
|
|
| LEADER |
00978pam a22002778a 4500 |
| 001 |
00025913 |
| 005 |
20171026081022.0 |
| 008 |
110812s2009 ||||||viesd |
| 020 |
|
|
|c 45000
|
| 041 |
0 |
# |
|a vie
|
| 082 |
1 |
4 |
|a 530.071
|b D112H
|
| 100 |
1 |
# |
|a Đỗ Hương Trà
|
| 245 |
1 |
0 |
|a Dạy học bài tập vật lí ở trường phổ thông
|c Đỗ Hương Trà ch.b, Phạm Gia Phách
|
| 260 |
# |
# |
|a H.
|b Đại học sư phạm
|c 2009
|
| 300 |
# |
# |
|a 253 tr.
|c 24 cm.
|
| 650 |
# |
4 |
|a Bài tập
|
| 650 |
# |
4 |
|a Dạy học nêu vấn đề
|
| 650 |
# |
4 |
|a Vật lí
|
| 650 |
# |
4 |
|a Trường phổ thông
|
| 650 |
# |
4 |
|a Phương pháp giảng dạy
|
| 700 |
1 |
# |
|a Phạm Gia Phách
|
| 852 |
# |
# |
|j KM.0011928
|j KM.0011929
|j KD.0010702
|
| 852 |
# |
# |
|b Kho đọc
|j KD.0010702
|
| 852 |
# |
# |
|b Kho mượn
|j KM.0011928, KM.0011929
|
| 910 |
|
|
|d 12/08/2011
|
| 980 |
# |
# |
|a Trung tâm Học liệu Lê Vũ Hùng, Trường Đại học Đồng Tháp
|